Champions nationaux de cyclisme en 2024 - Statistiques

Statistiques générales
  • Ce quiz a été pris 72 fois
  • Le résultat moyen est 7 sur 20
Statistiques - réponses
Hint Réponse % Correct
France Lapeira
90%
Belgique Arnaud De Lie
73%
Espagne Alex Aranburu
53%
Hongrie Attila Valter
52%
Australie Luke Plapp
52%
Canada Michael Woods
45%
Etats-Unis Sean Quinn
43%
Equateur Johnatan Narvaez
42%
United Kingdom Ethan Hayter
38%
Portugal Rui Costa
37%
Italie Alberto Bettiol
35%
Slovénie Domen Novak
35%
Afrique du sud Ryan Gibbons
33%
Pays Bas Dylan Groenewegen
30%
Suisse Mauro Schmid
25%
Irlande Darren Rafferty
20%
Allemagne Marco Brenner
17%
Autriche Alexander Hajek
5%
Danemark Rasmus Sojberg
5%
Colombie Alexandro Osorio
0%
Aucun quiz correspondant
Distribution des résultats
% des personnes avec chaque résultat
Percentile par nombre de réponses
Votre historique - résultats
Vous n’avez pas pris ce quiz